Loading...
| MB | 1 | 5 | 4 | 1 | 45 | 41 | 97.17 | 2 | 5 | 0.00 | 0.00 |
| RC | 0 | 5 | 1 | 0 | 45 | 75 | 102.60 | 0 | 3 | 0.00 | 0.00 |
| RR | 0 | 3 | 0 | 2 | 30 | 92 | 111.67 | 0 | 2 | 0.00 | 0.00 |
| AW | 0 | 2 | 0 | 1 | 20 | 77 | 97.00 | 0 | 2 | 0.00 | 0.00 |
| AG | 1 | 2 | 3 | 0 | 20 | 52 | 74.00 | 1 | 3 | 0.00 | 0.00 |
| DM | 0 | 2 | 0 | 2 | 20 | 120 | 129.00 | 1 | 2 | 0.00 | 0.00 |
| TR | 0 | 1 | 0 | 0 | 10 | 118 | 118.00 | 0 | 0 | 0.00 | 0.00 |
| AR | 0 | 1 | 0 | 0 | 10 | 92 | 92.00 | 0 | 0 | 0.00 | 0.00 |
| BB | 1 | 1 | 4 | 1 | 5 | 73 | 89.50 | 1 | 1 | 0.00 | 0.00 |
| RC> | 0 | 0 | 1 | 0 | -5 | 0.00 | 0 | 0 | 0.00 | 0.00 | |
| KD | 0 | 0 | 1 | 0 | -5 | 0.00 | 0 | 0 | 0.00 | 0.00 |
| MB | Nagarjuna | -5 | 11 |
| BB | reductases | -5 | 35 |
| MB | Gretchen | 15 | 41 |
| RC> | De Profundis | -5 | 46 |
| AG | shoes | 15 | 52 |
| BB | damping | -5 | 71 |
| BB | lattices | 15 | 73 |
| RC | Giselle, ou les Wilis | 10 | 75 |
| MB | Iris | -5 | 76 |
| AW | mushroom foraging | 10 | 77 |